000
00256nam a2200109Ia 4500
008
220204s9999 xx 000 0 und d
082
_a
094.53
_b
LAM
100
_a
Lamb, Charles
245
0
_a
War in a stringbag
260
_a
London
_b
Arrow
_c
1977
942
_c
BK
999
_c
32745
_d
32745